[Event "Obert Miquel Mas 2013"]
[Site "Figueres ESP"]
[Date "2013.08.15"]
[Round "5.6"]
[White "Narciso Dublan, Marc"]
[Black "Kjartansson, Gudmundur"]
[Result "1-0"]
[WhiteElo "2505"]
[BlackElo "2434"]
[PlyCount "77"]
[EventDate "2013.08.11"]
[EventType "swiss"]
[EventRounds "9"]
[EventCountry "ESP"]
[Source "lmi"]
[SourceDate "2013.08.11"]

1. e4 c6 2. d4 d5 3. Nd2 dxe4 4. Nxe4 Bf5 5. Nc5 e5 6. Nxb7 Qb6 7. Nc5 exd4 8.
Nb3 Bb4+ 9. Bd2 c5 10. Bxb4 Qxb4+ 11. Qd2 Qb6 12. O-O-O Nd7 13. Re1+ Be6 14.
Nh3 Ngf6 15. Nf4 O-O 16. Nxe6 fxe6 17. Bc4 Rfe8 18. Re2 Kh8 19. Rhe1 e5 20. Qa5
e4 21. Bb5 Red8 22. Bxd7 Qxa5 23. Nxa5 Rxd7 24. Nb3 Rc8 25. Nd2 d3 26. cxd3
exd3 27. Re7 Rd5 28. Rxa7 c4 29. Ree7 c3 30. bxc3 Rxc3+ 31. Kd1 Rc8 32. f3 Rg5
33. g3 Nd5 34. Ne4 Rg6 35. Red7 Ne3+ 36. Ke1 Rh6 37. h4 Nc4 38. Rac7 d2+ 39.
Ke2 1-0

[Event "Obert Miquel Mas 2013"]
[Site "Figueres ESP"]
[Date "2013.08.15"]
[Round "5.9"]
[White "Cuadras Avellana, Jordi"]
[Black "Garcia Galeote, Lorenzo"]
[Result "1-0"]
[WhiteElo "2321"]
[BlackElo "2009"]
[PlyCount "39"]
[EventDate "2013.08.11"]
[EventType "swiss"]
[EventRounds "9"]
[EventCountry "ESP"]
[Source "lmi"]
[SourceDate "2013.08.11"]

1. e4 g6 2. d4 Bg7 3. Nc3 d6 4. Be3 a6 5. Qd2 b5 6. h4 h6 7. f4 h5 8. Nf3 Nh6
9. Bd3 Bb7 10. Ng5 e5 11. fxe5 dxe5 12. dxe5 Ng4 13. e6 fxe6 14. Nxe6 Qd7 15.
Nxg7+ Qxg7 16. O-O Qe5 17. Bf4 Qc5+ 18. Kh1 O-O 19. Nd5 g5 20. Bg3 1-0

[Event "Obert Miquel Mas 2013"]
[Site "Figueres ESP"]
[Date "2013.08.15"]
[Round "5.10"]
[White "Colls Gelaberto, Emilio"]
[Black "Valles, Manuel"]
[Result "1/2-1/2"]
[WhiteElo "2139"]
[BlackElo "2319"]
[PlyCount "56"]
[EventDate "2013.08.11"]
[EventType "swiss"]
[EventRounds "9"]
[EventCountry "ESP"]
[Source "lmi"]
[SourceDate "2013.08.11"]

1. Nf3 c5 2. c4 g6 3. d4 Bg7 4. e4 cxd4 5. Nxd4 Nc6 6. Be3 Nf6 7. Nc3 d6 8. Be2
O-O 9. O-O Bd7 10. Qd2 Nxd4 11. Bxd4 Bc6 12. f3 a5 13. Nd5 Nd7 14. Bxg7 Kxg7
15. Rfd1 Bxd5 16. exd5 Qb6+ 17. Qd4+ Qxd4+ 18. Rxd4 Nc5 19. b3 Rfc8 20. Rb1 Rc7
21. Kf2 f5 22. Ke3 g5 23. g3 h5 24. h4 g4 25. Rf4 Rf8 26. Bd3 Nxd3 27. Kxd3
gxf3 28. Rxf3 e5 1/2-1/2

[Event "Obert Miquel Mas 2013"]
[Site "Figueres ESP"]
[Date "2013.08.15"]
[Round "6.1"]
[White "Forcen Esteban, Daniel"]
[Black "Cruz, Cristhian"]
[Result "0-1"]
[WhiteElo "2503"]
[BlackElo "2498"]
[PlyCount "108"]
[EventDate "2013.08.11"]
[EventType "swiss"]
[EventRounds "9"]
[EventCountry "ESP"]
[Source "lmi"]
[SourceDate "2013.08.11"]

1. e4 e6 2. d4 d5 3. Nc3 Nf6 4. Bg5 dxe4 5. Nxe4 Be7 6. Bxf6 gxf6 7. Nf3 b6 8.
Bb5+ c6 9. Be2 Bb7 10. Qd3 Nd7 11. c4 Qc7 12. O-O O-O-O 13. Rfd1 Kb8 14. Qc2 f5
15. Nc3 Rhg8 16. Rab1 Rg6 17. Bf1 Rdg8 18. Qe2 Nf6 19. b4 Nh5 20. Qe3 Nf4 21.
g3 Nh5 22. c5 Bf6 23. Qe1 f4 24. Ne4 Be7 25. Ne5 R6g7 26. Kh1 f6 27. Nc4 b5 28.
Ncd2 f5 29. Be2 fxe4 30. Bxh5 e3 31. Ne4 e5 32. Bf3 Bc8 33. gxf4 exf4 34. fxe3
Be6 35. Nc3 Rg1+ 36. Qxg1 Rxg1+ 37. Rxg1 fxe3 38. Rg7 Qf4 39. Bxc6 Bf6 40. Rb7+
Kc8 41. Bg2 Bc4 42. Nxb5 Bxb5 43. Rxb5 e2 44. c6 Qh4 45. Rf5 e1=Q+ 46. Rxe1
Qxe1+ 47. Rf1 Qe7 48. d5 Be5 49. Bh3+ Kd8 50. Be6 Qxb4 51. Kg2 Qe4+ 52. Rf3 h5
53. h4 Bd4 54. Kg3 Qe1+ 0-1

[Event "Obert Miquel Mas 2013"]
[Site "Figueres ESP"]
[Date "2013.08.15"]
[Round "6.2"]
[White "Antoli Royo, Joaquin Miguel"]
[Black "Fluvia Poyatos, Jordi"]
[Result "0-1"]
[WhiteElo "2409"]
[BlackElo "2447"]
[PlyCount "48"]
[EventDate "2013.08.11"]
[EventType "swiss"]
[EventRounds "9"]
[EventCountry "ESP"]
[Source "lmi"]
[SourceDate "2013.08.11"]

1. e4 e5 2. Nf3 Nc6 3. d4 exd4 4. Nxd4 Nf6 5. Nxc6 bxc6 6. e5 Qe7 7. Qe2 Nd5 8.
c4 Ba6 9. Nd2 Nb4 10. Nf3 d5 11. a3 Bxc4 12. Qd1 Bxf1 13. Rxf1 Na6 14. Qa4 Nb8
15. Be3 Qd7 16. O-O-O Be7 17. Ne1 O-O 18. f4 f6 19. exf6 Rxf6 20. Nf3 Bd6 21.
g3 Rf8 22. Qb3 a5 23. Rxd5 cxd5 24. Qxd5+ Qf7 0-1

[Event "Obert Miquel Mas 2013"]
[Site "Figueres ESP"]
[Date "2013.08.15"]
[Round "6.3"]
[White "Szabo, Bence"]
[Black "Tjiam, Dharma"]
[Result "1/2-1/2"]
[WhiteElo "2392"]
[BlackElo "2377"]
[PlyCount "85"]
[EventDate "2013.08.11"]
[EventType "swiss"]
[EventRounds "9"]
[EventCountry "ESP"]
[Source "lmi"]
[SourceDate "2013.08.11"]

1. d4 Nf6 2. c4 e6 3. Nc3 c5 4. d5 exd5 5. cxd5 d6 6. Nf3 g6 7. Nd2 Bg7 8. e4
O-O 9. Be2 a6 10. a4 Re8 11. O-O Nbd7 12. f4 c4 13. Kh1 Nc5 14. e5 dxe5 15.
fxe5 Nfd7 16. e6 fxe6 17. Nxc4 Ne5 18. Be3 b6 19. a5 Nxc4 20. Bxc4 b5 21. Bxc5
bxc4 22. Bd4 e5 23. Bb6 Qd7 24. Ra4 Bb7 25. Rxc4 Rac8 26. Rxc8 Rxc8 27. Qd3 e4
28. Qxe4 Bxc3 29. bxc3 Qxd5 30. Qe2 Rf8 31. Rxf8+ Kxf8 32. Kg1 Kf7 33. h3 h5
34. Qf2+ Ke6 35. Bd4 Qf5 36. Qg3 Qe4 37. Qg5 Qf5 38. Qd8 Qe4 39. Qf6+ Kd7 40.
Qg5 Ke6 41. Qd2 Bd5 42. Kh2 Kd7 43. Qf2 1/2-1/2

[Event "Obert Miquel Mas 2013"]
[Site "Figueres ESP"]
[Date "2013.08.15"]
[Round "6.4"]
[White "Ramiro Ovejero, Juan L"]
[Black "Narciso Dublan, Marc"]
[Result "0-1"]
[WhiteElo "2406"]
[BlackElo "2505"]
[PlyCount "72"]
[EventDate "2013.08.11"]
[EventType "swiss"]
[EventRounds "9"]
[EventCountry "ESP"]
[Source "lmi"]
[SourceDate "2013.08.11"]

1. e4 e5 2. Nf3 Nc6 3. Bc4 Bc5 4. d3 d6 5. c3 Nf6 6. h3 Bb6 7. Nbd2 O-O 8. Nf1
Be6 9. Bb3 Bxb3 10. Qxb3 d5 11. Bg5 dxe4 12. Bxf6 Qxf6 13. dxe4 Rad8 14. Rd1
Na5 15. Qa4 Rxd1+ 16. Qxd1 Qg6 17. Ng3 Nc4 18. Qe2 Ne3 19. Nh4 Qg5 20. Nf3 Qf4
21. Nh5 Nxg2+ 22. Kf1 Qh6 23. Nxe5 Nh4 24. Rg1 Qc1+ 25. Qe1 Qxe1+ 26. Kxe1 Ng6
27. Nd3 Re8 28. Ng3 Rd8 29. Nb4 Nf4 30. Ne2 Nxh3 31. Rg2 c6 32. a4 h6 33. Nc2
Ng5 34. Ned4 Nxe4 35. Nf5 Bxf2+ 36. Ke2 Rd2+ 0-1

[Event "Obert Miquel Mas 2013"]
[Site "Figueres ESP"]
[Date "2013.08.15"]
[Round "6.5"]
[White "Fernandez Perez, Didier"]
[Black "Ynojosa, Felix Jose"]
[Result "0-1"]
[WhiteElo "2255"]
[BlackElo "2405"]
[PlyCount "68"]
[EventDate "2013.08.11"]
[EventType "swiss"]
[EventRounds "9"]
[EventCountry "ESP"]
[Source "lmi"]
[SourceDate "2013.08.11"]

1. d4 Nf6 2. c4 e6 3. Nf3 b6 4. Nc3 Bb7 5. Qc2 c5 6. e4 cxd4 7. Nxd4 Bc5 8. Nb3
Bb4 9. Bd3 Nc6 10. Bf4 Ng4 11. O-O Qf6 12. Bg3 h5 13. Qe2 h4 14. Qxg4 Bxc3 15.
bxc3 hxg3 16. Qxg3 Qxc3 17. c5 Ne5 18. Rfd1 Nxd3 19. Rxd3 Qf6 20. Rad1 Bxe4 21.
Rxd7 O-O 22. R7d6 Rfc8 23. Qe3 Qg6 24. f3 Bc2 25. Rc1 Bxb3 26. axb3 bxc5 27.
Rxc5 Qb1+ 28. Kf2 Rxc5 29. Qxc5 Qxb3 30. Ra6 Qb2+ 31. Kg3 Qb1 32. Rxa7 Rd8 33.
Ra4 Qb8+ 34. f4 Qb3+ 0-1

[Event "Obert Miquel Mas 2013"]
[Site "Figueres ESP"]
[Date "2013.08.15"]
[Round "6.9"]
[White "Kjartansson, Gudmundur"]
[Black "Vinardell Cruanas, Sergi"]
[Result "1-0"]
[WhiteElo "2434"]
[BlackElo "2165"]
[PlyCount "59"]
[EventDate "2013.08.11"]
[EventType "swiss"]
[EventRounds "9"]
[EventCountry "ESP"]
[Source "lmi"]
[SourceDate "2013.08.11"]

1. Nf3 c5 2. c4 Nc6 3. g3 e5 4. Nc3 g6 5. Bg2 Bg7 6. O-O d6 7. a3 Nge7 8. b4 e4
9. Ne1 f5 10. Rb1 O-O 11. Na4 cxb4 12. axb4 Be6 13. d3 exd3 14. exd3 Rb8 15. b5
Nd4 16. Nc2 Bf7 17. Bb2 Nxc2 18. Qxc2 d5 19. Bxg7 Kxg7 20. Rfe1 Kg8 21. c5 Qd7
22. d4 f4 23. Qd2 fxg3 24. hxg3 Rfe8 25. Nc3 Nf5 26. Bh3 Be6 27. Re5 Nxd4 28.
Qxd4 Bxh3 29. Nxd5 Qg7 30. Nf6+ 1-0

[Event "Obert Miquel Mas 2013"]
[Site "Figueres ESP"]
[Date "2013.08.15"]
[Round "6.10"]
[White "Klip, Hans"]
[Black "Diaz Munoz, Sergi"]
[Result "1-0"]
[WhiteElo "2335"]
[BlackElo "2026"]
[PlyCount "83"]
[EventDate "2013.08.11"]
[EventType "swiss"]
[EventRounds "9"]
[EventCountry "ESP"]
[Source "lmi"]
[SourceDate "2013.08.11"]

1. e4 c5 2. Nf3 e6 3. Nc3 Nc6 4. Bb5 Nd4 5. O-O a6 6. Bd3 Qc7 7. Nxd4 cxd4 8.
Ne2 Bc5 9. c3 dxc3 10. bxc3 Nf6 11. Bc2 O-O 12. d4 Ba7 13. e5 Nd5 14. Qd3 g6
15. Ba3 Re8 16. c4 Ne7 17. Bd6 Qc6 18. Ng3 Nf5 19. Nxf5 exf5 20. d5 Qb6 21. Qg3
Qd4 22. Bb3 Qg4 23. Qc3 Bd4 24. Qd2 Bxa1 25. Rxa1 b5 26. h3 Qh4 27. Rc1 Bb7 28.
cxb5 Rac8 29. Re1 axb5 30. e6 dxe6 31. dxe6 fxe6 32. Rxe6 Rxe6 33. Bxe6+ Kg7
34. Be5+ Kf8 35. Bd6+ Ke8 36. Bd7+ Kf7 37. Bxc8 Bxc8 38. Qd5+ Kg7 39. Be5+ Kh6
40. Qd2+ g5 41. Qd6+ Kh5 42. Qc7 1-0

[Event "Obert Miquel Mas 2013"]
[Site "Figueres ESP"]
[Date "2013.08.16"]
[Round "7.1"]
[White "Cruz, Cristhian"]
[Black "Fluvia Poyatos, Jordi"]
[Result "1/2-1/2"]
[WhiteElo "2498"]
[BlackElo "2447"]
[PlyCount "63"]
[EventDate "2013.08.11"]
[EventType "swiss"]
[EventRounds "9"]
[EventCountry "ESP"]
[Source "lmi"]
[SourceDate "2013.08.11"]

1. Nf3 e6 2. g3 b5 3. Bg2 Bb7 4. O-O Nf6 5. d4 d5 6. Qd3 a6 7. Bg5 Nbd7 8. Ne5
Be7 9. Nxd7 Nxd7 10. Bxe7 Qxe7 11. Nd2 O-O 12. e4 dxe4 13. Nxe4 Rad8 14. Qc3
Nb6 15. Nc5 Bxg2 16. Kxg2 Na4 17. Nxa4 bxa4 18. Rfd1 Rb8 19. b3 Rfc8 20. Qc4
Qd6 21. Qxa4 Rb4 22. Qa5 Rxd4 23. Rxd4 Qxd4 24. Qxa6 Rb8 25. Re1 Qd5+ 26. Kg1
Ra8 27. Qe2 Rxa2 28. Rd1 Qa8 29. Qc4 Ra1 30. Rxa1 Qxa1+ 31. Kg2 Qe5 32. Qd3
1/2-1/2

[Event "Obert Miquel Mas 2013"]
[Site "Figueres ESP"]
[Date "2013.08.16"]
[Round "7.2"]
[White "Narciso Dublan, Marc"]
[Black "Tjiam, Dharma"]
[Result "1-0"]
[WhiteElo "2505"]
[BlackElo "2377"]
[PlyCount "107"]
[EventDate "2013.08.11"]
[EventType "swiss"]
[EventRounds "9"]
[EventCountry "ESP"]
[Source "lmi"]
[SourceDate "2013.08.11"]

1. e4 d6 2. d4 Nf6 3. Nc3 g6 4. Nf3 Bg7 5. Be2 O-O 6. O-O e6 7. a4 Nc6 8. a5 a6
9. Be3 e5 10. d5 Ne7 11. Nd2 Ne8 12. Na4 f5 13. f3 Kh8 14. c4 Ng8 15. c5 Bh6
16. Qb3 Bxe3+ 17. Qxe3 Ngf6 18. Qc3 Bd7 19. cxd6 cxd6 20. Nb6 Rb8 21. f4 exf4
22. Rxf4 Ng7 23. Raf1 Bb5 24. Bxb5 axb5 25. exf5 g5 26. Rb4 Qe7 27. Rxb5 Rbe8
28. Rb3 Ngh5 29. g3 Kg8 30. Qf3 g4 31. Qd1 Ng7 32. Ndc4 Qc7 33. Kg2 Re4 34. Rc3
Qe7 35. Rc2 h5 36. Qd3 h4 37. Rcf2 h3+ 38. Kg1 Nge8 39. Qd2 Nc7 40. Qg5+ Kh8
41. Qh6+ Kg8 42. Qg5+ Kh8 43. b3 Na6 44. Qh6+ Kg8 45. Qg5+ Kh8 46. Na4 Nb4 47.
Nc3 Nd3 48. Nxe4 Qxe4 49. Rd2 Nxd5 50. Qh6+ Kg8 51. Qg6+ Kh8 52. Qh6+ Kg8 53.
Qe6+ Qxe6 54. fxe6 1-0

[Event "Obert Miquel Mas 2013"]
[Site "Figueres ESP"]
[Date "2013.08.16"]
[Round "7.3"]
[White "Ynojosa, Felix Jose"]
[Black "Forcen Esteban, Daniel"]
[Result "1/2-1/2"]
[WhiteElo "2405"]
[BlackElo "2503"]
[PlyCount "118"]
[EventDate "2013.08.11"]
[EventType "swiss"]
[EventRounds "9"]
[EventCountry "ESP"]
[Source "lmi"]
[SourceDate "2013.08.11"]

1. e4 e6 2. d4 d5 3. exd5 exd5 4. Nf3 Nc6 5. Bb5 Bd6 6. O-O a6 7. Re1+ Nge7 8.
Bf1 O-O 9. Nbd2 h6 10. a3 Nf5 11. c3 Qf6 12. g3 Bd7 13. Bg2 Rfe8 14. Rxe8+ Rxe8
15. Qb3 g5 16. Qxd5 g4 17. Ne5 Nxe5 18. dxe5 Qxe5 19. Qxe5 Rxe5 20. Kf1 a5 21.
b3 a4 22. b4 Ne7 23. Bxb7 Bf5 24. Ba6 Rd5 25. Bc4 Bd3+ 26. Kg2 Bxc4 27. Nxc4
Rd3 28. Nb2 Rxc3 29. Nxa4 Rc2 30. Bxh6 Nf5 31. Bg5 Be5 32. Rd1 f6 33. Rd2 Rc4
34. Be3 Nxe3+ 35. fxe3 Kf7 36. Kf2 Rc1 37. Nb2 Bc3 38. Re2 Ke6 39. Na4 Be5 40.
Nc5+ Kd5 41. Kg2 Ra1 42. h3 gxh3+ 43. Kxh3 Rxa3 44. Kg4 Ra1 45. Nd7 Rb1 46. e4+
Kd4 47. Kf5 Rf1+ 48. Ke6 Kd3 49. Rg2 Bc3 50. e5 fxe5 51. Nxe5+ Ke4 52. Re2+ Kd4
53. Kd7 Kd5 54. Nc6 Rf7+ 55. Ne7+ Kc4 56. Kxc7 Kd3 57. Re6 Bxb4 58. Kd8 Bxe7+
59. Rxe7 Rxe7 1/2-1/2

[Event "Obert Miquel Mas 2013"]
[Site "Figueres ESP"]
[Date "2013.08.16"]
[Round "7.4"]
[White "Szabo, Bence"]
[Black "Aroshidze, Levan"]
[Result "0-1"]
[WhiteElo "2392"]
[BlackElo "2565"]
[PlyCount "68"]
[EventDate "2013.08.11"]
[EventType "swiss"]
[EventRounds "9"]
[EventCountry "ESP"]
[Source "lmi"]
[SourceDate "2013.08.11"]

1. Nf3 c5 2. c4 Nf6 3. Nc3 e6 4. g3 b6 5. Bg2 Bb7 6. O-O a6 7. Re1 d6 8. e4 Be7
9. d4 cxd4 10. Nxd4 Qc7 11. Be3 O-O 12. Rc1 Re8 13. f4 h5 14. h3 Nbd7 15. g4
hxg4 16. hxg4 Nc5 17. Bf2 d5 18. e5 Nfe4 19. Nxe4 dxe4 20. Bf1 Rad8 21. Rc3 g5
22. Qc1 Kg7 23. b4 Nd3 24. Bxd3 exd3 25. Rxd3 Rh8 26. Kf1 Rh1+ 27. Ke2 Rh2 28.
Qe3 Rdh8 29. f5 R8h3 30. Qxh3 Rxh3 31. Rxh3 Qxc4+ 32. Kd1 Bxb4 33. fxe6 fxe6
34. Re2 Bc5 0-1

[Event "Obert Miquel Mas 2013"]
[Site "Figueres ESP"]
[Date "2013.08.16"]
[Round "7.6"]
[White "Lorenzo De La Riva, Lazaro"]
[Black "Szalontay, Mihaly"]
[Result "1-0"]
[WhiteElo "2449"]
[BlackElo "2024"]
[PlyCount "59"]
[EventDate "2013.08.11"]
[EventType "swiss"]
[EventRounds "9"]
[EventCountry "ESP"]
[Source "lmi"]
[SourceDate "2013.08.11"]

1. e4 d6 2. d4 Nf6 3. Nc3 g6 4. f4 Bg7 5. Nf3 c5 6. Bb5+ Bd7 7. e5 Ng4 8. Bxd7+
Qxd7 9. d5 dxe5 10. h3 e4 11. hxg4 exf3 12. Qxf3 Na6 13. Bd2 O-O-O 14. O-O-O
Nb4 15. Ne4 Qxd5 16. Bxb4 Qxa2 17. Qa3 Rxd1+ 18. Rxd1 Bxb2+ 19. Qxb2 Qxb2+ 20.
Kxb2 cxb4 21. Kb3 a5 22. Ka4 b6 23. Kb5 Kc7 24. Ng5 h6 25. Nxf7 Rf8 26. Ne5
Rxf4 27. Rd7+ Kc8 28. Rxe7 Rf6 29. Nc6 h5 30. Kxb6 1-0

[Event "Obert Miquel Mas 2013"]
[Site "Figueres ESP"]
[Date "2013.08.16"]
[Round "7.7"]
[White "Triadu Cassa, Jordi"]
[Black "Kjartansson, Gudmundur"]
[Result "0-1"]
[WhiteElo "2167"]
[BlackElo "2434"]
[PlyCount "60"]
[EventDate "2013.08.11"]
[EventType "swiss"]
[EventRounds "9"]
[EventCountry "ESP"]
[Source "lmi"]
[SourceDate "2013.08.11"]

1. e4 d6 2. d4 Nf6 3. Nc3 g6 4. Be3 c6 5. Qd2 Nbd7 6. Nf3 Qc7 7. h3 Bg7 8. Bd3
O-O 9. Ne2 e5 10. Ng3 exd4 11. Nxd4 Re8 12. O-O Nc5 13. f3 d5 14. Nde2 dxe4 15.
Bxc5 exd3 16. cxd3 Nd5 17. Bf2 f5 18. Nc3 Be6 19. Nxd5 Bxd5 20. Ne2 Rad8 21.
Nc3 Bc4 22. Rfe1 Rxe1+ 23. Rxe1 Rxd3 24. Re8+ Kf7 25. Qe1 Qd7 26. Re3 b6 27.
Rxd3 Qxd3 28. Bh4 Bd4+ 29. Kh2 Qe3 30. Qd1 h6 0-1

[Event "Obert Miquel Mas 2013"]
[Site "Figueres ESP"]
[Date "2013.08.16"]
[Round "7.11"]
[White "Rudolf, Anna"]
[Black "Dalo, Hermes"]
[Result "0-1"]
[WhiteElo "2301"]
[BlackElo "2157"]
[PlyCount "64"]
[EventDate "2013.08.11"]
[EventType "swiss"]
[EventRounds "9"]
[EventCountry "ESP"]
[Source "lmi"]
[SourceDate "2013.08.11"]

1. e4 c5 2. Nf3 e6 3. d4 cxd4 4. Nxd4 Nf6 5. Nc3 d6 6. f4 a6 7. Be2 Be7 8. O-O
O-O 9. Be3 Qc7 10. Qe1 b5 11. Bf3 Bb7 12. a3 Nc6 13. Qg3 Nd7 14. Rad1 Rac8 15.
Kh1 Na5 16. f5 e5 17. f6 Bxf6 18. Nf5 Kh8 19. Nxd6 Rb8 20. Bh5 Nc4 21. Nxf7+
Rxf7 22. Bxf7 Nxb2 23. Nd5 Bxd5 24. Rxd5 Nc4 25. Bg5 h6 26. Bxf6 Nxf6 27. Rxf6
Rf8 28. Qg6 Ne3 29. Rf2 Qc3 30. Rd1 Nxd1 31. Re2 Qa1 32. h4 Nc3+ 0-1

[Event "Obert Miquel Mas 2013"]
[Site "Figueres ESP"]
[Date "2013.08.16"]
[Round "7.12"]
[White "Saez Coma, Alejandro"]
[Black "Fernandez Perez, Didier"]
[Result "0-1"]
[WhiteElo "2020"]
[BlackElo "2255"]
[PlyCount "48"]
[EventDate "2013.08.11"]
[EventType "swiss"]
[EventRounds "9"]
[EventCountry "ESP"]
[Source "lmi"]
[SourceDate "2013.08.11"]

1. d4 d5 2. c4 e6 3. Nc3 Nf6 4. Bg5 Nbd7 5. cxd5 exd5 6. Nf3 c6 7. e3 Be7 8.
Bd3 Nf8 9. Qc2 Ne6 10. Bh4 g6 11. Rb1 O-O 12. O-O Ng7 13. b4 a6 14. a4 Bf5 15.
b5 axb5 16. Bxf5 Nxf5 17. Bxf6 Bxf6 18. axb5 Qa5 19. bxc6 bxc6 20. Nd2 Bxd4 21.
exd4 Nxd4 22. Qd3 Qxc3 23. Qxc3 Ne2+ 24. Kh1 Nxc3 0-1

[Event "Obert Miquel Mas 2013"]
[Site "Figueres ESP"]
[Date "2013.08.17"]
[Round "8.1"]
[White "Fluvia Poyatos, Jordi"]
[Black "Narciso Dublan, Marc"]
[Result "1/2-1/2"]
[WhiteElo "2447"]
[BlackElo "2505"]
[PlyCount "108"]
[EventDate "2013.08.11"]
[EventType "swiss"]
[EventRounds "9"]
[EventCountry "ESP"]
[Source "lmi"]
[SourceDate "2013.08.11"]

1. e4 e5 2. Nf3 Nc6 3. Nc3 Nf6 4. d4 exd4 5. Nxd4 Bb4 6. Nxc6 bxc6 7. Bd3 d5 8.
exd5 cxd5 9. O-O O-O 10. h3 Rb8 11. Qf3 c6 12. Bf4 Bd6 13. b3 Rb4 14. Ne2 c5
15. c4 d4 16. Bxd6 Qxd6 17. Qf4 Rb6 18. Rfe1 Re8 19. Qxd6 Rxd6 20. Nf4 Kf8 21.
Bf1 Bf5 22. Rxe8+ Kxe8 23. Re1+ Kd8 24. g4 Bc2 25. Bd3 Bxd3 26. Nxd3 Nd7 27.
Kg2 Re6 28. Rxe6 fxe6 29. Kf3 Ke7 30. g5 Kd6 31. Ke4 e5 32. h4 g6 33. a3 a5 34.
f3 Kc6 35. f4 exf4 36. Nxf4 Kd6 37. Nd3 Ke6 38. b4 axb4 39. axb4 cxb4 40. Nxb4
Ne5 41. Kxd4 Nf3+ 42. Ke4 Nxh4 43. Nc2 Kd6 44. Nd4 Kc5 45. Kd3 Nf5 46. Ne6+ Kd6
47. Nf8 h6 48. gxh6 Nxh6 49. Nxg6 Nf5 50. Nf4 Kc6 51. Ne6 Nd6 52. Nd8+ Kd7 53.
c5 Kxd8 54. cxd6 Kd7 1/2-1/2

[Event "Obert Miquel Mas 2013"]
[Site "Figueres ESP"]
[Date "2013.08.17"]
[Round "8.2"]
[White "Ynojosa, Felix Jose"]
[Black "Cruz, Cristhian"]
[Result "1/2-1/2"]
[WhiteElo "2405"]
[BlackElo "2498"]
[PlyCount "123"]
[EventDate "2013.08.11"]
[EventType "swiss"]
[EventRounds "9"]
[EventCountry "ESP"]
[Source "lmi"]
[SourceDate "2013.08.11"]

1. e4 c5 2. c3 Nf6 3. e5 Nd5 4. d4 cxd4 5. cxd4 e6 6. Nc3 Nxc3 7. bxc3 Qc7 8.
Bd2 d6 9. f4 Nc6 10. Nf3 d5 11. Bd3 Na5 12. O-O Be7 13. Ng5 g6 14. h4 Nc4 15.
Bc1 Bd7 16. h5 Nb6 17. Bd2 Nc4 18. Bc1 Nb6 19. Bd2 Nc4 20. Qe2 Nxd2 21. Qxd2
Rc8 22. Rac1 Ba3 23. Qf2 Bxc1 24. Rxc1 Qa5 25. Qh4 gxh5 26. Qxh5 Rf8 27. Nxh7
Rxc3 28. Rb1 Rxd3 29. Qh6 Qa3 30. Rxb7 Qc1+ 31. Kh2 Rh3+ 32. Qxh3 Qxf4+ 33. Qg3
Qh6+ 34. Kg1 Qc1+ 35. Kh2 Qh6+ 36. Kg1 Qc1+ 37. Kf2 Qc2+ 38. Kg1 Qc1+ 39. Kh2
Qh6+ 40. Kg1 Qc1+ 41. Kf2 Qc2+ 42. Kf1 Qc4+ 43. Kg1 Qc1+ 44. Kf2 Qc2+ 45. Kg1
Qc1+ 46. Kf2 Bc8 47. Nf6+ Kd8 48. Rxa7 Qb2+ 49. Kf1 Rh8 50. Nh7 Qb1+ 51. Kf2
Qc2+ 52. Ke1 Qe4+ 53. Kf1 Qb1+ 54. Ke2 Qc2+ 55. Ke1 Qc1+ 56. Ke2 Qb2+ 57. Ke1
Qb1+ 58. Ke2 Qc2+ 59. Ke1 Qc1+ 60. Ke2 Qc2+ 61. Ke1 Qc1+ 62. Ke2 1/2-1/2

[Event "Obert Miquel Mas 2013"]
[Site "Figueres ESP"]
[Date "2013.08.17"]
[Round "8.3"]
[White "Aroshidze, Levan"]
[Black "Forcen Esteban, Daniel"]
[Result "1-0"]
[WhiteElo "2565"]
[BlackElo "2503"]
[PlyCount "43"]
[EventDate "2013.08.11"]
[EventType "swiss"]
[EventRounds "9"]
[EventCountry "ESP"]
[Source "lmi"]
[SourceDate "2013.08.11"]

1. e4 c5 2. Nf3 g6 3. c3 Bg7 4. d4 cxd4 5. cxd4 d5 6. e5 Nh6 7. Bb5+ Nc6 8.
Bxc6+ bxc6 9. O-O O-O 10. Nbd2 c5 11. dxc5 Ng4 12. Re1 Qc7 13. Nb3 Nxe5 14. Bf4
Nxf3+ 15. Qxf3 Qb7 16. Rad1 Bxb2 17. Nd4 Re8 18. Rb1 Qb4 19. Be5 Qa3 20. Qxd5
Bxd4 21. Bxd4 Bf5 22. Rxe7 1-0

[Event "Obert Miquel Mas 2013"]
[Site "Figueres ESP"]
[Date "2013.08.17"]
[Round "8.4"]
[White "Kjartansson, Gudmundur"]
[Black "Lorenzo De La Riva, Lazaro"]
[Result "0-1"]
[WhiteElo "2434"]
[BlackElo "2449"]
[PlyCount "128"]
[EventDate "2013.08.11"]
[EventType "swiss"]
[EventRounds "9"]
[EventCountry "ESP"]
[Source "lmi"]
[SourceDate "2013.08.11"]

1. c4 g6 2. g3 Bg7 3. Bg2 e5 4. Nc3 d6 5. e4 Nc6 6. Nge2 Be6 7. d3 Qd7 8. Nd5
Nce7 9. d4 c6 10. Nxe7 Nxe7 11. d5 Bh3 12. O-O h5 13. f3 Bxg2 14. Kxg2 cxd5 15.
cxd5 h4 16. g4 h3+ 17. Kh1 f5 18. Ng3 O-O-O 19. Bg5 fxg4 20. fxg4 Rdf8 21. Qe2
Kb8 22. Rxf8+ Bxf8 23. Bf6 Rg8 24. Rc1 Nc8 25. Rc3 Be7 26. Bxe7 Qxe7 27. Kg1
Nb6 28. Nh1 Na4 29. Rxh3 Qg5 30. Nf2 Rc8 31. Qb5 Nb6 32. Rh7 Qf4 33. Re7 Rc1+
34. Kg2 Rc2 35. Re8+ Nc8 36. Qf1 Qxg4+ 37. Kh1 Qf4 38. Kg2 Qxe4+ 39. Kg1 Qf4
40. Kg2 Qe4+ 41. Kg1 Qxd5 42. Qe1 Qf7 43. Rh8 Qf6 44. Rh3 d5 45. Ng4 Qb6+ 46.
Kh1 e4 47. Rc3 Qxb2 48. Qg3+ Ka8 49. Rxc2 Qxc2 50. Nf6 Qb1+ 51. Qg1 Qxg1+ 52.
Kxg1 Ne7 53. Kf2 Kb8 54. Ke3 Kc7 55. Kf4 Kd6 56. Ne8+ Kd7 57. Ng7 b5 58. Ke5 e3
59. Ne6 Nc6+ 60. Kf6 e2 61. Nc5+ Kd6 62. Nd3 Ne5 63. Ne1 d4 64. h4 d3 0-1

[Event "Obert Miquel Mas 2013"]
[Site "Figueres ESP"]
[Date "2013.08.17"]
[Round "8.5"]
[White "Tjiam, Dharma"]
[Black "Antoli Royo, Joaquin Miguel"]
[Result "1-0"]
[WhiteElo "2377"]
[BlackElo "2409"]
[PlyCount "95"]
[EventDate "2013.08.11"]
[EventType "swiss"]
[EventRounds "9"]
[EventCountry "ESP"]
[Source "lmi"]
[SourceDate "2013.08.11"]

1. d4 d5 2. c4 dxc4 3. Nf3 Nf6 4. Nc3 a6 5. a4 Nc6 6. e4 Na5 7. Be3 Bg4 8. Qc2
Bxf3 9. gxf3 e6 10. Rg1 c6 11. Rd1 g6 12. Be2 Qc7 13. f4 Bh6 14. e5 Nd5 15. Ne4
O-O 16. Rg4 f5 17. exf6 Nxf6 18. Rh4 Bg7 19. Ng5 Rae8 20. Bd2 b5 21. Bb4 c5 22.
Bxc5 Rf7 23. Nxf7 Qxf7 24. axb5 axb5 25. Ra1 Nc6 26. Ra6 Qd7 27. Qd1 Nd5 28.
Kf1 Qc7 29. Bf3 Qd7 30. Rg4 Ndb4 31. Rb6 Nd5 32. Ra6 Ndb4 33. Ra3 Nd3 34. Rxd3
cxd3 35. Qxd3 Rd8 36. d5 exd5 37. Rg5 Kh8 38. Rxd5 Qh3+ 39. Kg1 Re8 40. Be2 Qe6
41. Kf1 Bxb2 42. Rd6 Qc8 43. Qxb5 Qh3+ 44. Kg1 Rb8 45. Qxc6 Bc3 46. Bd4+ Bxd4
47. Rxd4 Rb1+ 48. Rd1 1-0

[Event "Obert Miquel Mas 2013"]
[Site "Figueres ESP"]
[Date "2013.08.17"]
[Round "8.10"]
[White "Carraminana Lopez, Luis Antoni"]
[Black "Triadu Cassa, Jordi"]
[Result "0-1"]
[WhiteElo "1999"]
[BlackElo "2167"]
[PlyCount "58"]
[EventDate "2013.08.11"]
[EventType "swiss"]
[EventRounds "9"]
[EventCountry "ESP"]
[Source "lmi"]
[SourceDate "2013.08.11"]

1. e4 e5 2. Nf3 Nc6 3. Nc3 Nf6 4. d4 exd4 5. Nd5 Be7 6. Bc4 O-O 7. O-O d6 8.
Nxd4 Ne5 9. Bb3 c5 10. Ne2 c4 11. Nxf6+ Bxf6 12. Ba4 Bg4 13. c3 Qa5 14. Bc2
Rad8 15. h3 Bd7 16. Nd4 d5 17. f4 Nc6 18. e5 Be7 19. f5 Nxe5 20. f6 Bxf6 21.
Rxf6 gxf6 22. Bf5 Bxf5 23. Nxf5 Kh8 24. Qh5 Rg8 25. Qh6 Rg6 26. Qf4 Nd3 27. Qh4
Nxc1 28. Rxc1 Qb6+ 29. Kh1 Qxb2 0-1